000 00695nam a2200253Ia 4500
003 OSt
005 20220925231911.0
006 a|||||r|||| 00| 0
007 ta
008 220923b |||||||| |||| 00| 0 eng d
020 _a0631216529
037 _cGeneral Book
040 _aRTL
_cRTL
_beng
041 _2eng
_aeng
082 _aY:1, P2
100 _aSpillman Lyn Ed.
_9296304
245 0 _aCultural sociology
260 _aMassachusetts
_bBlackwell Chapterwise
_c2002
300 _axiv, 369p
_ccm.
490 _aBlackwell Readers in Sociology
500 _aBibliography chapterwise
942 _hY:1, P2
_cGB
_2CC
999 _c589709
_d589709